000 00975nam a22002651u 4500
001 02999
003 HDC
007 cr bn ---
008 201225p2015 xx fo d 00 indg
040 _aHDC
100 _aFatkhurohmah,
_eauthor
_91673
245 0 _aPENGARUH PEMAHAMAN LABEL HALAL DAN FAKTOR SOSIAL TERHADAP NIAT MEMBELI PRODUK MAKANAN KEMASAN BERLABEL HALAL /
_cby Fatkhurohmah
260 _a[No Place] :
_b[publisher not identified],
_c2015
300 _a200 pages
336 _atext
_2rdacontent
337 _acomputer
_2rdamedia
338 _aonline resource
_2rdacarrier
650 _aFood
_xReligious aspects
_xIslam
_9239
650 _aHalal food industry
_xCertification
_9415
650 _aHalal food
_zIndonesia
_91320
856 _zRequest full-text at [email protected]
942 _2lcc
942 _cTHE
942 _kTHES 000063
999 _c385
_d385